000
00209 a2200097 4500
001
7623
100
_a
Lewis, N
245
_a
Rogets thesaurres in dictionary farm
260
_a
_b
W S P
_c
090
_c
6099
_d
6099
942
_a
NUST-CAE
_c
M
_c
32599
999
_c
242696
_d
242696